000 00514cam a2200145 4500500
005 20260208002439.0
041 _afre
042 _adc
100 1 0 _aMasset, Claude
_eauthor
245 0 0 _aAlbert Piette, Anthropologie existentiale, Paris, Pétra, 2009, 185 p., bibl. (« Anthropologiques »)
260 _c2011.
500 _a16
786 0 _nL'Homme | 198-199 | 2 | 2011-07-01 | p. 367d-376d | 0439-4216
856 4 1 _uhttps://shs.cairn.info/revue-l-homme-2011-2-page-367d?lang=fr&redirect-ssocas=7080
999 _c1646399
_d1646399